<?xml version="1.0" encoding="UTF-8"?>
<record
    xmlns:xsi="http://www.w3.org/2001/XMLSchema-instance"
    xsi:schemaLocation="http://www.loc.gov/MARC21/slim http://www.loc.gov/standards/marcxml/schema/MARC21slim.xsd"
    xmlns="http://www.loc.gov/MARC21/slim">

  <leader>01662nam a2200337 a 4500</leader>
  <controlfield tag="001">1521749</controlfield>
  <controlfield tag="003">OSt</controlfield>
  <controlfield tag="005">20220609142924.0</controlfield>
  <controlfield tag="008">170119r2016    ck a   gr     00011 spa d</controlfield>
  <datafield tag="020" ind1=" " ind2=" ">
    <subfield code="a">9789583051883</subfield>
  </datafield>
  <datafield tag="040" ind1=" " ind2=" ">
    <subfield code="a">CO-BoBLA </subfield>
    <subfield code="b">spa </subfield>
    <subfield code="c">CO-MqBPB</subfield>
  </datafield>
  <datafield tag="041" ind1="1" ind2=" ">
    <subfield code="a">spa </subfield>
    <subfield code="h">eng</subfield>
  </datafield>
  <datafield tag="043" ind1=" " ind2=" ">
    <subfield code="a">e-uk-en</subfield>
  </datafield>
  <datafield tag="082" ind1="0" ind2="4">
    <subfield code="a">NG</subfield>
    <subfield code="b">MCE</subfield>
  </datafield>
  <datafield tag="100" ind1="1" ind2=" ">
    <subfield code="a">McEvoy, Kathy.</subfield>
  </datafield>
  <datafield tag="245" ind1="1" ind2="0">
    <subfield code="a">Hamlet : </subfield>
    <subfield code="b">pr&#xED;ncipe de Dinamarca / </subfield>
    <subfield code="c">William Shakespeare ; adaptaci&#xF3;n Kathy McEvoy ; ilustraci&#xF3;n Penko Gelev ; traducci&#xF3;n Clorinda Zea.</subfield>
  </datafield>
  <datafield tag="260" ind1=" " ind2=" ">
    <subfield code="a">Bogot&#xE1; : </subfield>
    <subfield code="b">Panamericana Editorial, </subfield>
    <subfield code="c">2016.</subfield>
  </datafield>
  <datafield tag="300" ind1=" " ind2=" ">
    <subfield code="a">50 p&#xE1;ginas : </subfield>
    <subfield code="b">ilustraciones ; </subfield>
    <subfield code="c">26 cm.</subfield>
  </datafield>
  <datafield tag="500" ind1=" " ind2=" ">
    <subfield code="a">HAMLET. PR&#xCD;NCIPE DE DINAMARCA
&#x201C;El tiempo est&#xE1; desquiciado. &#xA1;Oh, suerte maldita que haya nacido yo para enderezarlo!&#x201D;

Algo est&#xE1; podrido en el Estado de Dinamarca. Un nuevo rey est&#xE1; en el trono y el fantasma del anterior rey camina... exigiendo venganza.

Hamlet, el hijo del rey anterior, debe vengar su muerte, pero &#xBF;puede encontrar el valor para hacer lo que debe hacerse?

Otra gran tragedia de Shakespeare sobre la culpa y la venganza, es relatada fielmente en esta apasionante novela gr&#xE1;fica.
</subfield>
  </datafield>
  <datafield tag="534" ind1=" " ind2=" ">
    <subfield code="p">T&#xFFFD;tulo original : </subfield>
    <subfield code="t">Hamlet.</subfield>
  </datafield>
  <datafield tag="600" ind1="1" ind2="4">
    <subfield code="a">Shakespeare, William, </subfield>
    <subfield code="d">1564-1616. </subfield>
    <subfield code="t">Hamlet</subfield>
    <subfield code="v"> Adaptaciones gr&#xE1;ficas.</subfield>
  </datafield>
  <datafield tag="650" ind1=" " ind2="4">
    <subfield code="a">Novela gr&#xFFFD;fica inglesa.</subfield>
  </datafield>
  <datafield tag="650" ind1=" " ind2="4">
    <subfield code="a">Monarqu&#xFFFD;a</subfield>
    <subfield code="v"> Novela gr&#xFFFD;fica.</subfield>
  </datafield>
  <datafield tag="650" ind1=" " ind2="4">
    <subfield code="a">Poder</subfield>
    <subfield code="v"> Novela gr&#xFFFD;fica.</subfield>
  </datafield>
  <datafield tag="650" ind1=" " ind2="4">
    <subfield code="a">Tragedia</subfield>
    <subfield code="v"> Novela gr&#xFFFD;fica.</subfield>
  </datafield>
  <datafield tag="650" ind1=" " ind2=" ">
    <subfield code="a">Tiras c&#xFFFD;micas, historietas, etc.</subfield>
  </datafield>
  <datafield tag="700" ind1="1" ind2=" ">
    <subfield code="a">Gelev, Penko, </subfield>
    <subfield code="e">ilustrador.</subfield>
  </datafield>
  <datafield tag="700" ind1="1" ind2=" ">
    <subfield code="a">Zea, Clorinda, </subfield>
    <subfield code="e">traductora.</subfield>
  </datafield>
  <datafield tag="942" ind1=" " ind2=" ">
    <subfield code="2">ddc</subfield>
    <subfield code="c">BKLIT</subfield>
  </datafield>
  <datafield tag="949" ind1=" " ind2=" ">
    <subfield code="a">n        </subfield>
    <subfield code="b">n</subfield>
  </datafield>
  <datafield tag="999" ind1=" " ind2=" ">
    <subfield code="c">14340</subfield>
    <subfield code="d">14340</subfield>
  </datafield>
  <datafield tag="952" ind1=" " ind2=" ">
    <subfield code="0">0</subfield>
    <subfield code="1">0</subfield>
    <subfield code="2">ddc</subfield>
    <subfield code="4">0</subfield>
    <subfield code="7">0</subfield>
    <subfield code="8">LA</subfield>
    <subfield code="a">BPMOS</subfield>
    <subfield code="b">BPMOS</subfield>
    <subfield code="d">2022-06-09</subfield>
    <subfield code="e">Compra BPSJBM 2022</subfield>
    <subfield code="l">4</subfield>
    <subfield code="m">2</subfield>
    <subfield code="o">NG MCEh</subfield>
    <subfield code="p">MOS502420</subfield>
    <subfield code="r">2026-05-08</subfield>
    <subfield code="s">2026-04-10</subfield>
    <subfield code="t">ej 1</subfield>
    <subfield code="w">2022-06-09</subfield>
    <subfield code="y">BKLIT</subfield>
    <subfield code="z">Cinco d&#xED;as</subfield>
  </datafield>
</record>
